ՀՀ Գիտությունների ազգային ակադեմիայի հիմնարար գիտական գրադարան  =   Fundamental Scientific Library of NAS RA

Применение космических снимков при региональном металлогеническом анализе складчатых областей / (Record no. 52346)

MARC details
000 -LEADER
fixed length control field 01592nam a2200289 a 4500
001 - CONTROL NUMBER
control field 000154315
003 - CONTROL NUMBER IDENTIFIER
control field AM-YeHGA
005 - DATE AND TIME OF LATEST TRANSACTION
control field 20250617123136.0
008 - FIXED-LENGTH DATA ELEMENTS--GENERAL INFORMATION
fixed length control field 030329s1986 ru a|||gr|||||||||0|rus|d
040 ## - CATALOGING SOURCE
Original cataloging agency AM-YeHGA
041 0# - LANGUAGE CODE
Language code of text/sound track or separate title rus
090 ## - LOCALLY ASSIGNED LC-TYPE CALL NUMBER (OCLC); LOCAL CALL NUMBER (RLIN)
-- 53154
245 00 - TITLE STATEMENT
Title Применение космических снимков при региональном металлогеническом анализе складчатых областей /
Statement of responsibility, etc. Н.А. Яковлев, В.З. Сахатов, Н.В. Скублова, К.А. Марков ; Под ред. К.А. Маркова, Н.А. Яковлева ; Произв. геол. об-ние по регион. изуч. геол. строения территории страны "Аэрогеология"
260 ## - PUBLICATION, DISTRIBUTION, ETC.
Place of publication, distribution, etc. Ленинград :
Name of publisher, distributor, etc. Недра. Ленингр. отд-ние,
Date of publication, distribution, etc. 1986.
300 ## - PHYSICAL DESCRIPTION
Extent 161 с. :
Other physical details ил. ;
Dimensions 21 см.
500 ## - GENERAL NOTE
General note Авт. указаны на обороте тит. л.
504 ## - BIBLIOGRAPHY, ETC. NOTE
Bibliography, etc. note Библиогр.: с. 158-160 (50 назв.)
650 14 - SUBJECT ADDED ENTRY--TOPICAL TERM
Topical term or geographic name entry element Геологические исследования с космических летательных аппаратов
650 14 - SUBJECT ADDED ENTRY--TOPICAL TERM
Topical term or geographic name entry element Металлогения СССР
650 14 - SUBJECT ADDED ENTRY--TOPICAL TERM
Topical term or geographic name entry element Складчатость горных пород СССР
700 1# - ADDED ENTRY--PERSONAL NAME
Personal name Яковлев, Н.А.
Relator term ред.
Relationship edt
700 1# - ADDED ENTRY--PERSONAL NAME
Personal name Сахатов, В.З.
700 1# - ADDED ENTRY--PERSONAL NAME
Personal name Скублова, Н.В.
700 1# - ADDED ENTRY--PERSONAL NAME
Personal name Марков, К.А.
Relator term ред.
Relationship edt
710 2# - ADDED ENTRY--CORPORATE NAME
Corporate name or jurisdiction name as entry element "Аэрогеология", производственное объединение
942 ## - ADDED ENTRY ELEMENTS (KOHA)
Source of classification or shelving scheme Universal Decimal Classification
Koha item type Գրքեր / Books
Holdings
Withdrawn status Lost status Damaged status Not for loan Collection Home library Current library Date acquired Total checkouts Full call number Barcode Date last seen Price effective from Koha item type Public note
        General Fundamental Scientific Library Fundamental Scientific Library 21/12/2016   PII/557978 FL0127255 21/12/2016 21/12/2016 Գրքեր / Books 30 Days Loan


ՀՀ ԳԱԱ հիմնարար գիտական գրադարան
ՀՀ,Երևան 0019
Մարշալ Բաղրամյան 24/6
հեռախոս:(374-10) 52-47-50
Հետադարձ կապ

All site content, except where otherwise noted, is licensed under a
Creative Commons License